Bài giảng luật thương mại

محفوظ في:
التفاصيل البيبلوغرافية
المؤلف الرئيسي: Bùi Quang Nhơn
التنسيق: كتاب
اللغة:Undetermined
منشور في: Cần Thơ Trường Đại Học Cần Thơ - Bộ môn Luật 1999
الموضوعات:
الوسوم: إضافة وسم
لا توجد وسوم, كن أول من يضع وسما على هذه التسجيلة!
Thư viện lưu trữ: Trung tâm Học liệu Trường Đại học Cần Thơ
LEADER 00629nam a2200193Ia 4500
001 CTU_34857
008 210402s9999 xx 000 0 und d
020 |b 15.700đ 
082 |a 346.07 
082 |b Nh464gt 
100 |a Bùi Quang Nhơn 
245 0 |a Bài giảng luật thương mại 
245 0 |c Bùi Quang Nhơn, Nguyễn Kỳ Việt 
260 |a Cần Thơ 
260 |b Trường Đại Học Cần Thơ - Bộ môn Luật 
260 |c 1999 
650 |a civil law - vietnam,commercial law - vietnam 
904 |i Minh, 000112 
980 |a Trung tâm Học liệu Trường Đại học Cần Thơ